Teoría y problemas de matematicas financieras / (Record no. 9149)

000 -CABECERA
fixed length control field 01134nam a22002297a 4500
003 - IDENTIFICADOR DEL NÚMERO DE CONTROL
control field AR-CdUCM
008 - DATOS DE LONGITUD FIJA--INFORMACIÓN GENERAL
fixed length control field 190327b ||||| |||| 00| 0 spa d
040 ## - FUENTE DE LA CATALOGACIÓN
Agencia/entidad que catalogó originalmente la obra MUNICIPALIDAD PROVINCIAL DEL CUSCO
Entidad que transcribió la catalogación BIBLIOTECA MUNICIPAL DEL CUSCO
082 ## - NÚMERO DE LA CLASIFICACIÓN DECIMAL DEWEY
No. de Clasificación 519 /
Notacion interna AY94
100 ## - ENTRADA PRINCIPAL--NOMBRE DE PERSONA
Nombre Personal Ayres, Frank
245 ## - MENCIÓN DE TÍTULO
Título Teoría y problemas de matematicas financieras /
260 ## - PUBLICACIÓN, DISTRIBUCIÓN, ETC.
Lugar de publicación, distribución, etc. Colombia :
Nombre de la editorial, distribuidor, etc. McGraw-Hill,
Fecha de publicación, distribución, etc. 1971.
300 ## - DESCRIPCIÓN FÍSICA
Nº de Páginas Extensión 230 páginas ;
Dimensiones 27 cm.
440 ## - MENCIÓN DE SERIE/PUNTO DE ACCESO ADICIONAL--TÍTULO
Título Serie de compendios Schaum.
9 (RLIN) 25186
505 ## - NOTA DE CONTENIDO CON FORMATO
Nota de contenido formateada Contenido : Operaciones con números - Exponentes y logaritmos -- Progresiones -- Interes simple -- Descuento simple -- Pagos parciales -- Interes compuesto -- Anualidades ciertas ordinarias -- Amortización y fondos de amortización -- Bonos -- Anualidades anticipadas diferidas y perpetuidades -- Anualidades ciertas caso general -- Probabildades y la tabla de mortalidad -- Anualidades contingentes -- Seguro de vida.
650 ## - PUNTO DE ACCESO ADICIONAL DE MATERIA--TÉRMINO DE MATERIA
Descriptor Matematicas
9 (RLIN) 9398
650 ## - PUNTO DE ACCESO ADICIONAL DE MATERIA--TÉRMINO DE MATERIA
Descriptor Finanzas
9 (RLIN) 4496
650 ## - PUNTO DE ACCESO ADICIONAL DE MATERIA--TÉRMINO DE MATERIA
Descriptor Matematicas aplicadas
9 (RLIN) 25187
700 ## - PUNTO DE ACCESO ADICIONAL--NOMBRE DE PERSONA
Nombre Personal Ocampo Compean, Fernando (traductor)
9 (RLIN) 23214
942 ## - ELEMENTOS DE PUNTO DE ACCESO ADICIONAL (KOHA)
Fuente de clasificación
Tipo de item Libros-BMC
945 ## - PROCESAMIENTO DE INFORMACIÓN LOCAL (OCLC)
Catalogador zta
Holdings
Estado de retiro (separado) Fuente de clasificación o esquema de estanterías Estado dañado Ubicación Sala donde se ubica Nombre de la colección Fecha de adquisición o compra Costo, precio normal en soles Signatura topográfica Código de Barras Última vez visto (Koha) Tipo de ítem (Koha) Número de Ejemplar
No     Sala Ciencias Sala Ciencias Book Cart 2019-03-27 45.00 519 / AY94 SC0000001211 2019-03-27 Libros-BMC  
No     Sala Ciencias Sala Ciencias Book Cart 2019-05-28 45.00 519 / AY94 / e.2 SC0000001941 2019-05-28 Libros-BMC e.2

Powered by Koha